000
00306nam a2200121Ia 4500
008
220204s9999 xx 000 0 und d
082
_a
657(076.2)
_b
SHU
100
_a
Grewal
245
0
_a
Solutions to problems in advanced accounts. V 2
260
_a
Delhi
_b
S Chand
_c
1974
700
_a
Shukla
942
_c
BK
999
_c
23091
_d
23091